000 01093na a2200337 4500
001 14648
003 MIRAKIL
005 20181213155310.0
008 161025b tu 000 0
020 _a9786053992783
035 _a14648
040 _aMilas
_btur
_cTR-AnCHP
041 _atur
082 _a330.09
_bC42f 2013
090 _a330.09 C42f 2013
100 _aClark, Gregory
245 _aFukaralığa veda
_bDünyanın kısa iktisadi tarihi
_cGregory Clark; çeviren Egemen Demircioğlu
246 _aDünyanın kısa iktisadi tarihi
260 _aİstanbul
_bİstanbul Bilgi Üniversitesi Yayınları
_c2013
300 _axiii, 439 s.
_btbl. , grf. , fotğ.
_c24 sm.
490 _aEkonomi
_v17
490 _aİstanbul Bilgi Üniversitesi yayınları
_v437
500 _aEserin özgün adı: A farewell to alms a brief economic history of the world.
504 _aKaynakça ve dizin var.
650 _aİktisat
_xTarih
650 _aEkonomi
_xTarih
651 _aEkonomi tarihi
651 _aİktisat tarihi
700 _aDemircioğlu, Egemen
942 _2ddc
_cBKS
999 _c10196
_d10196